Arrondissements de Normandie - Statistiques

Statistiques générales
  • Ce quiz a été pris 17 fois
  • Le résultat moyen est 12 sur 17
Réponses sur la Carte
Les réponses sont colorées sur une échelle allant du rouge au vert en fonction du pourcentage des utilisateurs qui les ont devinées à leur premier essai. Vous pouvez retrouver ces pourcentages ci-dessous.
 
Statistiques - réponses
Département Code d'arrondissement Nom d'arrondissement % Correct
14 142 Caen
94%
50 502 Cherbourg
94%
76 761 Dieppe
94%
76 762 Le Havre
94%
76 763 Rouen
94%
50 504 Saint-Lô
94%
61 611 Alençon
81%
50 501 Avranches
81%
27 273 Évreux
81%
14 141 Bayeux
75%
14 143 Lisieux
75%
50 503 Coutances
63%
61 612 Argentan
50%
14 144 Vire
44%
27 272 Bernay
38%
27 271 Andelys
25%
61 613 Mortagne-au-Perche
25%
Aucun quiz correspondant
Distribution des résultats
% des personnes avec chaque résultat
Percentile par nombre de réponses
Votre historique - résultats
Vous n’avez pas pris ce quiz